|
|
|
|
| LEADER |
00000nab a22000005a 4500 |
| 001 |
AR-BbUGT10143 |
| 003 |
AR-BbUGT |
| 005 |
20210507081243.0 |
| 007 |
ta |
| 008 |
190701s2018 ag |||p |||| 00| 0 spa d |
| 999 |
|
|
|c 15817
|d 15817
|
| 040 |
|
|
|a AR-BbUGT
|c AR-BbUGT
|e rca
|
| 041 |
|
|
|a spa
|b eng
|h spa
|
| 100 |
1 |
|
|a Arboit, Mariela Edith.
|
| 245 |
|
|
|a Análisis multitemporal y multiespacial del índice de vegetación de diferencia normalizada (NDVI) y del índice de vegetación ajustado al suelo (SAVI) en centros urbanos forestados y oasis irrigados, con climas seco /
|c Mariela Edith Arboit, Dora Silvia Maglione.
|
| 300 |
|
|
|a p. 13-59
|
| 520 |
3 |
|
|a El objetivo del trabajo es estudiar el índice de vegetación de diferencia normalizada (NDVI) y el índice de vegetación ajustado al suelo (SAVI) en el Área Metropolitana de Mendoza (AMM) Argentina, centros urbanos intermedios y en los oasis irrigados (Norte- Centro), de importancia para planes de manejo y gestión territorial. Metodológicamente se determinaron los valores de los índices de vegetación a partir de imágenes satelitales Landsat 5 para el período 1986-2011 en la estación de verano y se realizó un análisis estadístico de correlación y de estimación de tendencias. Los resultados indican una pendiente general descendente de los valores medios de NDVI y SAVI en todos los sitios analizados y una correlación entre dichos índices. El AMM muestra pendientes descendentes mayores al oasis Norte (al Oeste del río Mendoza) en ambos índices. Se determinaron correlaciones preliminares interanuales moderadas entre NDVI y los datos climáticos analizados y correlaciones fuertes negativas entre NDVI y población.
|
| 651 |
|
4 |
|a Mendoza (Argentina)
|9 480
|
| 653 |
|
|
|a Teledetección
|a Clima árido
|a Vegetación
|a Forestación
|a Área Metropolitana de Mendoza
|a Cobertura de suelo urbano
|a Gestión territorial
|a Planes de manejo
|a Imágenes Landsat
|
| 700 |
1 |
|
|a Maglione, Dora Silvia.
|
| 773 |
0 |
|
|d Mendoza : Universidad Nacional de Cuyo, Facultad de Filosofía y Letras, 1948 - .
|w AR-BbUGT7016
|x 0374-6186
|t Boletín de Estudios Geográficos
|g Vol. 109 (2018), p. 13-59
|q 109:13<59.
|
| 856 |
4 |
1 |
|3 Texto completo.
|u http://bdigital.uncu.edu.ar/app/navegador/?idobjeto=11458
|z Biblioteca Digital Universidad Nacional de Cuyo. Revistas
|
| 942 |
|
|
|c ARTPP
|2 ddc
|